000 00333nam a22001457a 4500
008 210310b ||||| |||| 00| 0 eng d
020 _a9780201554786
041 _aeng
080 _a510
082 _a510
100 _a36
101 _aMAT
245 _aCalculus Graphical, Numerical, Algebraic
_cFinney, R. L
942 _2udc
_cBK
999 _c56208
_d56208